[Event "NRW-ch U16"]
[Site "Kranenburg"]
[Date "2009.04.14"]
[Round "2"]
[White "Salzmann, Thomas"]
[Black "Eckert, Marius"]
[Result "0-1"]
[WhiteElo "1597"]
[BlackElo "1606"]
[PlyCount "162"]
[EventDate "2009.04.13"]
[EventType "swiss"]
[EventRounds "7"]
[EventCountry "GER"]
[SourceTitle "EXT 2010"]
[Source "ChessBase"]
[SourceDate "2010.11.25"]
[SourceVersion "1"]
[SourceVersionDate "2010.11.25"]
[SourceQuality "1"]

1. e4 e5 2. f4 d5 3. exd5 exf4 4. Nf3 Bd6 5. Nc3 Nf6 6. Bc4 0-0 7. 0-0 Bg4 8. d4 c6 9. Qd3 Qc7 10. Ne4 Nxd5 11. Bxd5 cxd5 12. Nxd6 Qxd6 13. Ne5 Qe6 14. Bxf4 Re8 15. Rae1 Nc6 16. c3 Bf5 17. Qg3 f6 18. Nxc6 Qxc6 19. h4 Kh8 20. h5 Qd7 21. Qh4 Bd3 22. Rf3 Rxe1+ 23. Qxe1 Be4 24. Rg3 Qf5 25. Qf2 Qxh5 26. Rh3 Qf5 27. Kh2 Re8 28. Re3 b5 29. Re1 Rc8 30. Rf1 b4 31. Qd2 bxc3 32. bxc3 Qg4 33. Bg3 Rc6 34. Rf4 Qg5 35. Qb2 Rb6 36. Qa3 Qh5+ 37. Kg1 Qf7 38. Qc5 Rb8 39. Qd6 Re8 40. Kf2 Qb7 41. Kg1 Qb1+ 42. Kh2 Qxa2 43. Rf2 Qc4 44. Be5 Qc8 45. Rxf6 Rg8 46. Rf7 Qg4 47. Rf2 Qh5+ 48. Kg1 Qd1+ 49. Rf1 Qg4 50. Rf2 Qd1+ 51. Rf1 Qg4 52. Bg3 h5 53. Rf2 h4 54. Be5 Kh7 55. Bh2 h3 56. g3 Qd1+ 57. Rf1 Qe2 58. Rf2 Qe1+ 59. Rf1 Qxc3 60. Qe5 Qe3+ 61. Rf2 Rf8 62. Qh5+ Kg8 63. Qe2 Qxd4 64. Qf1 Qxf2+ 65. Qxf2 Rxf2 66. Kxf2 Kf7 67. g4 a5 68. Be5 a4 69. Kg3 Bg2 70. Bd4 g6 71. g5 Ke6 72. Ba1 Kf5 73. Bf6 Ke4 74. Kh2 d4 75. Kg3 Ke3 76. Kh2 d3 77. Be5 d2 78. Bg3 d1Q 79. Bf2+ Ke4 80. Be1 Bf1 81. Bg3 Qe2+ 0-1